[Event "Auburn Hills op"]
[Site "Auburn Hills"]
[Date "2002.04.28"]
[Round "4"]
[White "Imai, Toshio"]
[Black "Hollinsworth, Galon"]
[Result "0-1"]
[WhiteElo "1415"]
[BlackElo "1534"]
[PlyCount "28"]
[EventDate "2002.04.26"]
[EventType "swiss"]
[EventRounds "5"]
[EventCountry "USA"]
[SourceTitle "EXT 2007"]
[Source "ChessBase"]
[SourceDate "2006.11.23"]
[SourceVersion "1"]
[SourceVersionDate "2006.11.23"]
[SourceQuality "1"]

1. e4 e5 2. Bc4 Nf6 3. d4 Nc6 4. dxe5 Nxe5 5. Bb3 Bc5 6. f4 Neg4 7. Nh3 d6 8. e5 Qe7 9. Kf1 dxe5 10. fxe5 Ne4 11. Qf3 f5 12. exf6 Ngxf6 13. Nd2 Bg4 14. Qf4 0-0-0 0-1